القدس عاصمة الدولة الفلسطينية المستقلة / (Record no. 68526)
[ view plain ]
| 000 -LEADER | |
|---|---|
| fixed length control field | 01127nam a2200265 i 4500 |
| 003 - CONTROL NUMBER IDENTIFIER | |
| control field | EG-GICUC |
| 005 - DATE AND TIME OF LATEST TRANSACTION | |
| control field | 20260416104532.0 |
| 008 - FIXED-LENGTH DATA ELEMENTS--GENERAL INFORMATION | |
| fixed length control field | 260403s1992 ti ||||fry||| 000 0 ara d |
| 040 ## - CATALOGING SOURCE | |
| Original cataloging agency | EG-GICUC |
| Language of cataloging | ara |
| Transcribing agency | EG-GICUC |
| Modifying agency | EG-GICUC |
| Description conventions | rda |
| 082 04 - DEWEY DECIMAL CLASSIFICATION NUMBER | |
| Edition number | 21 |
| Classification number | 341.28056905 |
| Item number | م ؤ . ق |
| 092 04 - LOCALLY ASSIGNED DEWEY CALL NUMBER (OCLC) | |
| Edition number | 21 |
| 099 ## - LOCAL FREE-TEXT CALL NUMBER (OCLC) | |
| Classification number | Law1 11 341.28056905 م ؤ . ق 1993 |
| 111 1# - MAIN ENTRY--MEETING NAME | |
| Meeting name or jurisdiction name as entry element | (القدس مفتاح السلام ندوة فكرية : |
| Date of meeting or treaty signing | 1993 : |
| Number of part/section/meeting | المحور السادس : |
| Location of meeting | تونس) |
| 245 12 - TITLE STATEMENT | |
| Title | القدس عاصمة الدولة الفلسطينية المستقلة / |
| Statement of responsibility, etc. | منظمة التحرير الفلسطينية ; حركة التحرير الوطني الفلسطيني |
| 264 #1 - PRODUCTION, PUBLICATION, DISTRIBUTION, MANUFACTURE, AND COPYRIGHT NOTICE | |
| Place of production, publication, distribution, manufacture | تونس : |
| Name of producer, publisher, distributor, manufacturer | حركة التحرير الوطني الفلسطيني، |
| Date of production, publication, distribution, manufacture, or copyright notice | 1993. |
| 300 ## - PHYSICAL DESCRIPTION | |
| Extent | 322 صفحة ; |
| Dimensions | 24 سم |
| 336 ## - CONTENT TYPE | |
| Source | rda content |
| Content type term | text |
| 337 ## - MEDIA TYPE | |
| Source | rda media |
| Media type term | Computer |
| 338 ## - CARRIER TYPE | |
| Source | rda carrier |
| Carrier type term | Online Resource |
| 546 ## - LANGUAGE NOTE | |
| Language note | النص باللغة العربية |
| 650 14 - SUBJECT ADDED ENTRY--TOPICAL TERM | |
| Topical term or geographic name entry element | المناطق غير المستقلة |
| 856 40 - ELECTRONIC LOCATION AND ACCESS | |
| Uniform Resource Identifier | <a href="https://fll.law.cu.edu.eg/fulltext/bks/B11-05746.pdf">https://fll.law.cu.edu.eg/fulltext/bks/B11-05746.pdf</a> |
| 905 ## - Cataloger and Reviser Names | |
| Cataloger Name: | Farah |
| 942 ## - ADDED ENTRY ELEMENTS (KOHA) | |
| Source of classification or shelving scheme | Dewey Decimal Classification |
| Koha item type | Conference proceedings |
| Edition | 21 |
| Suppress in OPAC | No |
| Withdrawn status | Lost status | Source of classification or shelving scheme | Damaged status | Not for loan | Collection | Home library | Current library | Date acquired | Source of acquisition | Total checkouts | Full call number | Barcode | Date last seen | Copy number | Price effective from | Koha item type |
|---|---|---|---|---|---|---|---|---|---|---|---|---|---|---|---|---|
| Dewey Decimal Classification | Not for loan | القانون الدولي العام | جــــامعة القــاهرة | مكتبة كلية الحقوق - المبنى الرئيسي | 03.04.2026 | إهداء مكتبة الأستاذ الدكتور صلاح عامر | Law1 11 341.28056905 م ؤ . ق 1993 1105746 C1 | B11-05746 | 03.04.2026 | 1 | 03.04.2026 | Conference proceedings |